000 00214nam a22000857a 4500
008 170616b xxu||||| |||| 00| 0 eng d
100 _93447
_aSedwal. A
245 _aRamu and the Robot
260 _aNew Delhi
_bN. B. T
_c2007
999 _c6822
_d6822